| 000 | 01954nam0a2200361 4500 | ||
|---|---|---|---|
| 001 | RU\NLR\BIBL_A\022032951 | ||
| 005 | 20260407090812.0 | ||
| 035 | _a(NLR Aleph) 022032951 | ||
| 090 |
_a12545547 _c12545547 |
||
| 100 | _a20230921d2023 |||y0rusy50 ca | ||
| 101 | 0 | _arus | |
| 102 | _aRU | ||
| 105 | _aach z 010yy | ||
| 181 | 0 |
_ai3 _baxxe |
|
| 182 | 0 | _an | |
| 200 | 1 |
_aПоложенiе о нотарiальной части. Санктъ-Петербургъ, 14 Апръля 1866 г. _f[подготовлено Нотариальной палатой Санкт-Петербурга] |
|
| 203 |
_aТекст _bвизуальный _cнепосредственный |
||
| 205 | _a[Факс. изд.] | ||
| 210 |
_aСанкт-Петербург _c[б. и.] _d2023 |
||
| 215 |
_a[208] с. _cцв. ил., портр., факс. _d18 _eПрил. ([55] с.: ил., цв. ил., факс., портр.) |
||
| 300 | _aНотариальная палата Санкт-Петербург, 300 лет | ||
| 309 | _aКнига с прил. вложена в футляр | ||
| 311 | _aЗагл. прил.: Отечества славные сыны: история создания и авторы Положения о нотариальной части | ||
| 421 | 0 |
_12001#$aОтечества славные сыны:$eистория создания и авторы Положения о нотариальной части _tОтечества славные сыны: |
|
| 517 | 1 | _aПоложение о нотариальной части. Санкт-Петербург, 14 апреля 1866 г. | |
| 606 | 1 |
_aНотариат _yРоссия _92468334 _3RU\NLR\AUTH\6601683305 |
|
| 686 | 1 | _aХ891.9(2)931 | |
| 712 | 0 | 2 |
_4570 _aНотариальная палата _cСанкт-Петербург _3RU\NLR\AUTH\8810048377 _9596878 |
| 942 | _cBOOK | ||
| 980 | _aNB | ||